000 00670nam a22002537a 4500
001 BR9602105
003 BR-BrBNA
005 20230928094951.0
007 ta
008 230509b bl.||||| |||| 00| 0 por d
040 _aBR-BrBNA
_bpor
_cBiblioteca Nacional de Agricultura
041 _a(Por)
072 _aE13
090 _ E13 BR9602105
110 1 _aAssociacao de Credito e Assistencia Rural do Estado do Para, Belem (Brasil)
_9493
245 1 _aProposta orcamentaria
260 3 _aBelem, PA (Brasil):
_c1975.
300 _a12 p.
500 _a5 tables
650 _aOrcamento
650 _aParaiba
909 _a202309
_bLucia
_c55
_dLucia Elande
942 _cBK
999 _c53721
_d53721